Normal view MARC view
  • Matrix theory

Entry Topical Term

Number of records used in: 2

001 - CONTROL NUMBER

  • control field: 7914

003 - CONTROL NUMBER IDENTIFIER

  • control field: OSt

005 - DATE AND TIME OF LATEST TRANSACTION

  • control field: 20260114102744.0

008 - FIXED-LENGTH DATA ELEMENTS

  • fixed length control field: 260114|| aca||aabn | a|a d

040 ## - CATALOGING SOURCE

  • Original cataloging agency: OSt
  • Transcribing agency: OSt

150 ## - HEADING--TOPICAL TERM

  • Topical term or geographic name entry element: Matrix theory

670 ## - SOURCE DATA FOUND

  • Source citation: Work cat.: (OSt)755068: Ding, Jiu 7913, Nonnegative matrices, postive operators and applications, 2009